| 000 | 01570nam a22003614a 4500 | ||
|---|---|---|---|
| 001 | vtls003164352 | ||
| 003 | MY-SjTCS | ||
| 005 | 20200226112911.0 | ||
| 006 | m u | ||
| 007 | cr cn||||||||| | ||
| 008 | 100712s2003 enkab sb 000 0 eng | ||
| 010 | _z 2002-023377 | ||
| 020 | _z0521792819 | ||
| 035 | _a(CaPaEBR)ebr10073539 | ||
| 039 | 9 |
_y201007121349 _zVLOAD |
|
| 040 |
_aCaPaEBR _cCaPaEBR |
||
| 050 | 1 | 4 |
_aQL737.P96 _bG59 2003eb |
| 082 | 0 | 4 |
_a599.884 _221 |
| 245 | 0 | 0 |
_aGorilla biology _h[electronic resource] : _ba multidisciplinary perspective / _cedited by Andrea B. Taylor and Michele L. Goldsmith. |
| 260 |
_aCambridge ; _aNew York : _bCambridge University Press, _c2003. |
||
| 300 |
_axx, 508 p. : _bill., maps ; _c24 cm. |
||
| 490 | 1 |
_aCambridge studies in biological and evolutionary anthropology ; _v34 |
|
| 504 | _aIncludes bibliographical references. | ||
| 529 | _aTSLHHL | ||
| 533 |
_aElectronic reproduction. _bPalo Alto, Calif. : _cebrary, _d2009. _nAvailable via World Wide Web. _nAccess may be limited to ebrary affiliated libraries. |
||
| 650 | 0 | _aGorilla. | |
| 655 | 7 |
_aElectronic books. _2local |
|
| 700 | 1 |
_aTaylor, Andrea B. _q(Andrea Beth), _d1961- |
|
| 700 | 1 |
_aGoldsmith, Michele L. _q(Michele Lynn), _d1963- |
|
| 710 | 2 |
_aebrary, Inc. _925628 |
|
| 830 | 0 |
_aCambridge studies in biological and evolutionary anthropology ; _v34. _939232 |
|
| 856 | 4 | 0 |
_uhttps://ezproxy.taylors.edu.my/login?url=http://site.ebrary.com/lib/taylorscollege/Doc?id=10073539 _zAn electronic book accessible through the World Wide Web; click to view |
| 999 | _c100867 | ||